| 000 | 01362nam a2200325 i 4500 | ||
|---|---|---|---|
| 003 | EG-GICUC | ||
| 005 | 20260121101348.0 | ||
| 008 | 251126s2001 ua ||||fr|||| 000 0 ara d | ||
| 040 |
_a EG-GICUC _bara _c EG-GICUC _d EG-GICUC _erda |
||
| 041 | _aara | ||
| 082 | 0 | 4 |
_221 _a341.852 _bج م . ع |
| 092 | 0 | 4 | _221 |
| 099 | _aLaw1 11 341.852 ج م . ع 1 - ed 2001 | ||
| 100 | 0 |
_aجمال محمود الكردي. _eمؤلف. |
|
| 245 | 1 | 0 |
_aعولمة التكنولوجيا من الناحية القانونية / _cدكتور جمال محمود الكردي. |
| 250 | _aالطبعة الاولى | ||
| 264 | 1 |
_aالقاهرة : _bدار النهضة، _c2001. |
|
| 300 |
_a47 صفحة ؛ _b _c24 سم |
||
| 336 |
_2rda content _atext |
||
| 337 |
_2rda media _aComputer |
||
| 338 |
_2rda carrier _aOnline Resource |
||
| 500 | _aبحث مقدم الى مؤتمر (القانون والتكنولوجيا,كلية الحقوق -جاكعة اسيوط بمناسبة اليوبيل الفضى لتأسيس كلية حقوق) | ||
| 546 | _aالنص أغلبه باللغة العربية بعض النصوص الإنجليزية والفرنسية | ||
| 630 | _aنقل التكنولوجيا | ||
| 650 | 1 | _2qrmak | |
| 651 | 1 | _2qrmak | |
| 856 | 4 | 0 | _uhttps://fll.law.cu.edu.eg/fulltext/bks/ B11-04976.pdf |
| 905 |
_a5 _eHassnaa |
||
| 942 |
_2ddc _cBK _e21 _n0 |
||
| 999 |
_c46228 _d46228 |
||